[Event "Tonsberg op"]
[Site "Tonsberg"]
[Date "2003.09.29"]
[Round "2"]
[White "Beck, Anders Knudsen"]
[Black "Henriksen, Tom"]
[Result "1-0"]
[WhiteElo "1289"]
[BlackElo "1185"]
[PlyCount "61"]
[EventDate "2003.09.08"]
[EventType "swiss"]
[EventRounds "9"]
[EventCountry "NOR"]
[SourceTitle "EXT 2008"]
[Source "ChessBase"]
[SourceDate "2007.11.25"]
[SourceVersion "1"]
[SourceVersionDate "2007.11.25"]
[SourceQuality "1"]

1. e4 e5 2. Nf3 Nc6 3. d4 exd4 4. Nxd4 Nf6 5. Nxc6 bxc6 6. Bd3 Bb7 7. 0-0 g6 8. Nc3 Bg7 9. Re1 0-0 10. Be3 d6 11. Qd2 Qd7 12. Bh6 Rad8 13. Bxg7 Kxg7 14. f3 Qc8 15. Qf2 a6 16. a4 Nd7 17. a5 Ne5 18. Be2 f5 19. Rad1 fxe4 20. Nxe4 Qf5 21. Qa7 Qc8 22. Qd4 Kg8 23. Rf1 c5 24. Nxc5 Nxf3+ 25. Bxf3 dxc5 26. Qc4+ Kg7 27. Qc3+ Kh6 28. Qe3+ Kg7 29. Bxb7 Rxf1+ 30. Rxf1 Qxb7 31. Qe7+ 1-0